[Event "Cambridge Int Open 2023"]
[Site "Cambridge ENG"]
[Date "2023.02.15"]
[Round "1.1"]
[White "Adams, Henry"]
[Black "Adams, Michael"]
[Result "1/2-1/2"]
[BlackTitle "GM"]
[WhiteElo "1738"]
[BlackElo "2688"]
[WhiteFideId "464562"]
[BlackFideId "400041"]
[EventDate "2023.02.15"]

1. e4 e5 2. Nf3 Nc6 3. Bc4 Nf6 4. d3 Be7 5. O-O O-O 6. Re1 d6 7. a4 Be6 8. Bxe6
fxe6 9. c3 a5 10. Nbd2 Nd7 11. Nf1 d5 12. exd5 exd5 13. Ng3 b6 14. Be3 Kh8 15.
Qc2 Bd6 16. Rad1 Qf6 17. Qb3 Qf7 18. Ng5 Qg8 19. Qb5 Ncb8 20. d4 e4 21. Qe2 h6
22. Qh5 Bf4 23. Bxf4 Rxf4 1/2-1/2

[Event "Cambridge Int Open 2023"]
[Site "Cambridge ENG"]
[Date "2023.02.15"]
[Round "1.2"]
[White "Dardha, Daniel"]
[Black "Smart, Michael R"]
[Result "1-0"]
[WhiteTitle "GM"]
[WhiteElo "2612"]
[BlackElo "1957"]
[WhiteFideId "240990"]
[BlackFideId "411370"]
[EventDate "2023.02.15"]

1. d4 Nf6 2. c4 c5 3. d5 e6 4. Nc3 exd5 5. cxd5 d6 6. Nf3 g6 7. Bf4 Bg7 8. h3 a6
9. a4 O-O 10. e3 Re8 11. Nd2 Nh5 12. Bh2 f5 13. Be2 f4 14. O-O fxe3 15. Nc4
exf2+ 16. Kh1 Qh4 17. Nxd6 Ng3+ 18. Bxg3 Qxg3 19. Nce4 Rxe4 20. Nxe4 Qh4 21.
Nxf2 Bxb2 22. Ng4 Bf5 23. d6 Bd4 24. Qb3+ 1-0

[Event "Cambridge Int Open 2023"]
[Site "Cambridge ENG"]
[Date "2023.02.15"]
[Round "1.3"]
[White "Liu, Tianyi (Jack)"]
[Black "Korneev, Oleg"]
[Result "0-1"]
[BlackTitle "GM"]
[WhiteElo "1865"]
[BlackElo "2485"]
[WhiteFideId "8627894"]
[BlackFideId "4156803"]
[EventDate "2023.02.15"]

1. e4 c5 2. Nf3 e6 3. d4 cxd4 4. Nxd4 a6 5. Bd3 Bc5 6. Nb3 Be7 7. Qe2 d6 8. Nc3
Nf6 9. O-O Nc6 10. f4 Qc7 11. Be3 O-O 12. Rae1 b5 13. a3 Bb7 14. Kh1 Rac8 15.
Bd2 b4 16. axb4 Nxb4 17. Nb5 axb5 18. Bxb4 e5 19. Bc3 Bc6 20. Nd2 Qb8 21. Nf3
Nd7 22. Bd2 Bf6 23. b3 Rfe8 24. fxe5 dxe5 25. Bg5 Re6 26. Bxf6 Rxf6 27. Ng5 h6
28. Rxf6 Nxf6 29. Nf3 Nh5 30. Nh4 Nf4 31. Qe3 Bd7 32. Nf5 Bxf5 33. exf5 Nxd3 34.
Qxd3 f6 35. Rd1 b4 36. Qe4 Qc7 37. Rd2 Qc3 38. Re2 Rd8 39. h3 Qg3 40. Re1 Rd2
41. Rg1 Kh7 42. Qxb4 Rxc2 43. Qb7 Qf4 44. Qd7 Rb2 45. Qd3 e4 46. Qd4 Rd2 47. Qc4
Qe5 48. Re1 e3 49. Qg4 e2 50. Qf3 Ra2 51. Qf2 Ra1 52. Kg1 Qc3 0-1

[Event "Cambridge Int Open 2023"]
[Site "Cambridge ENG"]
[Date "2023.02.15"]
[Round "1.4"]
[White "Clarke, Brandon G I"]
[Black "Soulier, Alfred"]
[Result "1-0"]
[WhiteTitle "IM"]
[WhiteElo "2473"]
[BlackElo "1722"]
[WhiteFideId "400319"]
[BlackFideId "486264"]
[EventDate "2023.02.15"]

1. e4 c5 2. Nf3 d6 3. d4 cxd4 4. Nxd4 Nf6 5. Nc3 a6 6. Be3 e6 7. f3 b5 8. Qd2
Bb7 9. a4 b4 10. Na2 d5 11. e5 Nfd7 12. f4 Nc5 13. Bd3 Nxd3+ 14. cxd3 a5 15. Nc1
Nd7 16. O-O g6 17. Ncb3 Be7 18. Rfc1 O-O 19. Nc6 Bxc6 20. Rxc6 Qe8 21. Qc2 Nb8
22. Rb6 Qd7 23. Rb5 Rc8 24. Qf2 Nc6 25. Rc1 d4 26. Bd2 Rab8 27. Rc4 Bd8 28. Nc5
Qa7 29. Ne4 Be7 30. Qf3 Qd7 31. Rxc6 Qxc6 32. Rxb8 Qc2 33. Rxc8+ Qxc8 34. Qd1
Kg7 35. Qc1 Qa6 36. Qc4 Qb6 37. b3 h6 38. Be1 h5 39. Bf2 Qb7 40. Bxd4 Kh7 41.
Kf2 Kg7 42. Nd6 Qb8 43. Qc8 Qxc8 44. Nxc8 Bf8 45. Bb6 Kg8 46. Ke3 Kg7 47. Nd6
Be7 48. Bxa5 f5 49. Bxb4 Bd8 50. a5 g5 51. g3 h4 52. Be1 hxg3 53. hxg3 gxf4+ 54.
gxf4 Kf8 55. b4 Bc7 56. Bh4 Bb8 57. b5 Kg7 58. b6 Kh6 59. Kf3 Kh5 60. Bd8 Kg6
61. Bc7 Bxc7 62. bxc7 Kg7 63. a6 Kg6 64. a7 Kg7 65. c8=Q Kh7 66. a8=Q Kg6 67.
Qg8+ Kh6 68. Ke2 Kh5 69. Qh1# 1-0

[Event "Cambridge Int Open 2023"]
[Site "Cambridge ENG"]
[Date "2023.02.15"]
[Round "1.5"]
[White "Norris, Anthony"]
[Black "Bosiocic, Marin"]
[Result "0-1"]
[BlackTitle "GM"]
[WhiteElo "1917"]
[BlackElo "2564"]
[WhiteFideId "2077779"]
[BlackFideId "14507927"]
[EventDate "2023.02.15"]

1. e4 d6 2. d4 Nf6 3. Nc3 e5 4. dxe5 dxe5 5. Qxd8+ Kxd8 6. Bc4 Ke8 7. Bg5 c6 8.
Nf3 Bd6 9. O-O-O Bc7 10. Rhe1 h6 11. Bh4 Nbd7 12. h3 Nh5 13. g4 Nf4 14. Bf1 h5
15. Bg5 hxg4 16. hxg4 Nf6 17. Bxf6 gxf6 18. Nd2 Bxg4 19. f3 Be6 20. Nc4 Ke7 21.
Ne3 Ba5 22. a3 Bxc3 23. bxc3 Rad8 24. Rxd8 Kxd8 25. Bc4 Rh3 26. Bxe6 fxe6 27.
Ng4 Ke7 28. Re3 Ng2 29. Re2 Nh4 30. Rh2 Rxh2 31. Nxh2 f5 32. Kd2 Kd6 33. Ke3 Kc5
34. Nf1 Kc4 0-1

[Event "Cambridge Int Open 2023"]
[Site "Cambridge ENG"]
[Date "2023.02.15"]
[Round "1.6"]
[White "Fernandez, Daniel Howard"]
[Black "Gamal, Alaa"]
[Result "1-0"]
[WhiteTitle "GM"]
[WhiteElo "2481"]
[BlackElo "1725"]
[WhiteFideId "5801605"]
[BlackFideId "469114"]
[EventDate "2023.02.15"]

1. Nf3 d5 2. c4 c6 3. e3 Bg4 4. cxd5 Bxf3 5. gxf3 cxd5 6. f4 e6 7. f5 e5 8. Qb3
Qd7 9. Bg2 e4 10. f3 Na6 11. Nc3 Nf6 12. Qb5 Nc5 13. Ke2 O-O-O 14. Qxd7+ Rxd7
15. fxe4 Ncxe4 16. d3 Nc5 17. b4 Na6 18. a3 d4 19. exd4 Bd6 20. Be4 Nc7 21. Kf3
Re8 22. Be3 Bf8 23. Rac1 Kb8 24. Rhe1 Ncd5 25. Nxd5 Nxd5 26. Bxd5 Bd6 27. Bb3 a6
28. h4 h5 29. Bd2 Red8 30. Re4 Bc7 31. Be3 Ka8 32. Rg1 f6 33. Be6 Re7 34. d5 a5
35. bxa5 Bxa5 36. Ra4 1-0

[Event "Cambridge Int Open 2023"]
[Site "Cambridge ENG"]
[Date "2023.02.15"]
[Round "1.7"]
[White "Blinov, Roman"]
[Black "Czopor, Maciej"]
[Result "0-1"]
[BlackTitle "FM"]
[WhiteElo "1731"]
[BlackElo "2412"]
[WhiteFideId "343104478"]
[BlackFideId "21805431"]
[EventDate "2023.02.15"]

1. d4 Nf6 2. Bf4 g6 3. e3 Bg7 4. Nf3 d6 5. h3 O-O 6. Bh2 b6 7. Nbd2 Bb7 8. Bd3
Nbd7 9. O-O Re8 10. Nc4 Ne4 11. Nfd2 Nxd2 12. Nxd2 e5 13. c3 Qe7 14. a4 a6 15.
Qc2 exd4 16. cxd4 Rac8 17. Qd1 h5 18. Qe2 Bxd4 19. Nf3 Bg7 20. Bxa6 Bxa6 21.
Qxa6 Bxb2 22. Ra2 Nc5 23. Qc4 Bf6 24. a5 bxa5 25. Rxa5 Ra8 26. Rb5 Qe4 27. Nd4
Ra4 28. Rb4 Rxb4 29. Qxb4 Ne6 30. Rd1 Nxd4 31. exd4 Bxd4 32. Qd2 Bc5 33. Bg3 h4
34. Bf4 Qe2 35. Rb1 Bxf2+ 0-1

[Event "Cambridge Int Open 2023"]
[Site "Cambridge ENG"]
[Date "2023.02.15"]
[Round "1.8"]
[White "Grieve, Harry"]
[Black "Golubovic, Erik"]
[Result "1-0"]
[WhiteTitle "IM"]
[WhiteElo "2442"]
[BlackElo "1887"]
[WhiteFideId "426520"]
[BlackFideId "14586908"]
[EventDate "2023.02.15"]

1. e4 c5 2. Nf3 d6 3. d4 cxd4 4. Nxd4 Nf6 5. Nc3 a6 6. Rg1 g6 7. g4 Bg7 8. g5
Nfd7 9. Be3 O-O 10. Qd2 b5 11. a3 Nb6 12. h4 Qc7 13. h5 Nc6 14. Nxc6 Qxc6 15.
Nd5 Nxd5 16. exd5 Qc7 17. O-O-O Bf5 18. Bd3 Bxd3 19. Qxd3 Rfc8 20. Rg4 a5 21. c3
b4 22. axb4 axb4 23. Rxb4 Qa5 24. Kd2 Rab8 25. Rxb8 Rxb8 26. b4 Qa2+ 27. Ke1 Rc8
28. Bd4 Bxd4 29. Qxd4 Rc4 30. Qd2 Qb3 31. h6 Rh4 32. Qd3 Rh1+ 33. Ke2 Qa2+ 34.
Ke3 Rh3+ 35. f3 Qg2 36. Qe4 Qxg5+ 37. Qf4 Qg2 38. Ra1 f6 39. Qe4 Qg5+ 40. Kd3
Qf5 41. Qxf5 gxf5 42. b5 Rxf3+ 43. Kc4 Rf4+ 44. Kb3 Kf7 45. b6 Rg4 46. b7 Rg8
47. Ra8 Rg1 48. Kb2 Rg2+ 49. Ka3 1-0

[Event "Cambridge Int Open 2023"]
[Site "Cambridge ENG"]
[Date "2023.02.15"]
[Round "1.9"]
[White "Hertog, Alexander"]
[Black "Hebden, Mark L"]
[Result "0-1"]
[BlackTitle "GM"]
[WhiteElo "1641"]
[BlackElo "2454"]
[WhiteFideId "488453"]
[BlackFideId "400084"]
[EventDate "2023.02.15"]

1. d4 Nf6 2. c4 g6 3. g3 c5 4. d5 b5 5. cxb5 d6 6. Bg2 Bg7 7. Nc3 O-O 8. e4 a6
9. bxa6 Bxa6 10. Nge2 Nbd7 11. O-O Ng4 12. Qc2 Qa5 13. Rd1 Rfb8 14. h3 Nge5 15.
Rb1 Nc4 16. a3 Qc7 17. Nf4 Na5 18. Nd3 Bc4 19. Re1 Nb3 20. Bf4 Qa5 21. e5 Qa6
22. Rbd1 Nd4 23. Qb1 Bxd3 24. Rxd3 Nxe5 25. Bxe5 Bxe5 26. Rd2 Rb3 27. f4 Bf6 28.
Qe4 Rab8 29. Nd1 Rxg3 30. Re3 Nf5 31. Rxg3 Nxg3 32. Qf3 Nf5 33. Bf1 Qa4 34. Qf2
Bd4 0-1

[Event "Cambridge Int Open 2023"]
[Site "Cambridge ENG"]
[Date "2023.02.15"]
[Round "1.10"]
[White "Roberson, Peter T"]
[Black "Bowers, Francis J"]
[Result "1-0"]
[WhiteTitle "IM"]
[WhiteElo "2426"]
[BlackElo "1855"]
[WhiteFideId "412384"]
[BlackFideId "438383"]
[EventDate "2023.02.15"]

1. e4 e5 2. Nf3 d6 3. d4 exd4 4. Nxd4 g6 5. Nc3 Bg7 6. Be3 Nf6 7. Qd2 O-O 8.
O-O-O Re8 9. f3 Nc6 10. Kb1 a6 11. g4 Nxd4 12. Bxd4 b5 13. h4 c5 14. Bxc5 Bxg4
15. Qf2 Rc8 16. Bd4 Rxc3 17. Bxc3 Nxe4 18. fxe4 Bxd1 19. Bxg7 Kxg7 20. Qd4+ Qf6
21. Qxd1 Rxe4 22. h5 gxh5 23. Bd3 Rh4 24. Rf1 Qe7 25. Rg1+ Kf8 26. a3 b4 27.
axb4 Rxb4 28. c3 Rh4 29. Qf3 Qa7 30. Qg3 Rg4 31. Qxd6+ Qe7 32. Qxe7+ Kxe7 33.
Re1+ Kd6 34. Bxa6 h4 35. Bc8 Rg3 36. Rh1 Kc7 37. Bf5 Rf3 38. Bxh7 h3 39. Be4 Rf4
40. Bd5 Kd6 41. c4 Rh4 42. Bxf7 h2 43. b4 Ke5 44. Bd5 Kd4 45. Kc2 Rh3 46. Rd1+
Ke5 47. b5 Ra3 48. b6 Rh3 49. b7 Rh8 50. Ra1 Rd8 51. Bh1 Rf8 52. Ra8 Rf2+ 53.
Kb3 Kd4 54. b8=Q Rf3+ 55. Bxf3 h1=Q 56. Bxh1 Kd3 57. Qd6+ Ke2 58. Re8+ Kf1 59.
Qf4+ Kg1 60. Re1# 1-0

[Event "Cambridge Int Open 2023"]
[Site "Cambridge ENG"]
[Date "2023.02.15"]
[Round "1.11"]
[White "Latypova, Olga L"]
[Black "Arkell, Keith C"]
[Result "0-1"]
[BlackTitle "GM"]
[WhiteElo "1754"]
[BlackElo "2404"]
[WhiteFideId "472476"]
[BlackFideId "400270"]
[EventDate "2023.02.15"]

1. e4 g6 2. d4 Bg7 3. g3 d5 4. e5 c5 5. c3 Nc6 6. dxc5 Nxe5 7. Bg2 Bf5 8. Ne2
Nd3+ 9. Kf1 Nxc1 10. Nxc1 Nf6 11. Nb3 O-O 12. h3 b6 13. cxb6 Qxb6 14. N1d2 a5
15. a4 Rab8 16. Kg1 Ne4 17. Bxe4 dxe4 18. Qe2 Be6 19. Nxa5 Qxa5 20. Nxe4 Bd5 21.
b4 Qa8 22. f3 Bxe4 0-1

[Event "Cambridge Int Open 2023"]
[Site "Cambridge ENG"]
[Date "2023.02.15"]
[Round "1.12"]
[White "Gormally, Daniel W"]
[Black "Matthews, Adrian M S"]
[Result "1-0"]
[WhiteTitle "GM"]
[WhiteElo "2448"]
[BlackElo "1781"]
[WhiteFideId "406465"]
[BlackFideId "413631"]
[EventDate "2023.02.15"]

1. e4 c5 2. Nc3 Nc6 3. Bb5 g6 4. Bxc6 dxc6 5. d3 e5 6. Nge2 Bg7 7. Be3 Qe7 8.
Qd2 Nf6 9. h3 Be6 10. Bh6 Bxh6 11. Qxh6 Nd7 12. f4 f6 13. fxe5 fxe5 14. O-O-O
O-O-O 15. Ng1 Rdf8 16. Nf3 Qf7 17. Ne2 Qe7 18. Kb1 Rf6 19. Qe3 Rhf8 20. b3 Bg8
21. Kb2 Nb6 22. Qd2 Kb8 23. a4 Nd7 24. a5 Kc7 25. Ra1 Kb8 26. Qc3 Kc7 27. Rhf1
Kb8 28. Neg1 Kc7 29. Ra4 Re8 30. Rb1 Nb8 31. b4 Na6 32. bxc5 Qxc5 33. Qxc5 Nxc5
34. Raa1 Nd7 35. Kc3 Rb8 36. Kd2 b5 37. axb6+ axb6 38. Ra7+ Rb7 39. Ra8 Rb8 40.
Rba1 Rxa8 41. Rxa8 Bf7 42. Ne2 Kb7 43. Rh8 h5 44. Ke3 Be6 45. Ng5 Ba2 46. Nc3
Be6 47. Re8 Nf8 48. Ne2 Kc7 49. Rxf8 1-0

[Event "Cambridge Int Open 2023"]
[Site "Cambridge ENG"]
[Date "2023.02.15"]
[Round "1.13"]
[White "Rida, Ruqayyah"]
[Black "Turner, Matthew J"]
[Result "0-1"]
[BlackTitle "GM"]
[WhiteElo "1669"]
[BlackElo "2455"]
[WhiteFideId "343272375"]
[BlackFideId "402893"]
[EventDate "2023.02.15"]

1. e4 e5 2. Nf3 Nc6 3. Bc4 Nf6 4. d3 Bc5 5. c3 d6 6. O-O a6 7. Bb3 Ba7 8. Nbd2
O-O 9. Re1 Ng4 10. Re2 Kh8 11. h3 Nf6 12. Nf1 Nh5 13. Re1 Qf6 14. Ne3 Bxe3 15.
Bxe3 Nf4 16. Bxf4 Qxf4 17. Qd2 Qxd2 18. Nxd2 f5 19. Rad1 h6 20. Nc4 f4 21. Nd2
g5 22. Nf3 Kg7 23. Nh2 h5 24. f3 Na5 25. Bc2 Be6 26. b3 c5 27. d4 cxd4 28. cxd4
Rac8 29. Bb1 Rc3 30. dxe5 dxe5 31. Rd6 Kf6 32. Red1 Rfc8 33. Nf1 Nc6 34. Bd3 b5
35. Bb1 Nd4 36. Rxa6 Rc1 37. Rxc1 Rxc1 38. Bd3 Rd1 39. Bxb5 Nxb5 40. a4 Nd4 41.
b4 Nc2 42. Kf2 Nxb4 43. Rb6 Rd4 44. a5 Nd3+ 45. Ke2 Nc1+ 46. Kf2 Nb3 47. a6 Ra4
48. Rc6 Ra2+ 49. Kg1 Nd4 50. Rb6 Ne2+ 51. Kh2 Ra1 52. Rb2 Nd4 53. Nd2 Rxa6 54.
Kg1 Ra1+ 55. Kf2 Rd1 56. Nb1 Bc4 57. Nd2 Bd3 58. g4 hxg4 59. hxg4 Nc2 60. Rb6+
Ke7 61. Rb7+ Kd8 62. Nb3 Rf1+ 63. Kg2 Ne1+ 64. Kh2 Nxf3+ 65. Kh3 Rh1+ 66. Kg2
Rh2+ 67. Kxf3 Be2# 0-1

[Event "Cambridge Int Open 2023"]
[Site "Cambridge ENG"]
[Date "2023.02.15"]
[Round "1.15"]
[White "Downey, Keith"]
[Black "Dong, Bao Nghia"]
[Result "0-1"]
[BlackTitle "FM"]
[WhiteElo "1818"]
[BlackElo "2361"]
[WhiteFideId "10700250"]
[BlackFideId "12400343"]
[EventDate "2023.02.15"]

1. d4 Nf6 2. Nf3 g6 3. g3 Bg7 4. Bg2 O-O 5. O-O d5 6. c4 c6 7. cxd5 cxd5 8. Ne5
Ng4 9. Nxg4 Bxg4 10. h3 Be6 11. Nc3 Nc6 12. Be3 Na5 13. b3 Qd7 14. Kh2 b5 15.
Rc1 Rfc8 16. Qd2 Nb7 17. a4 b4 18. Na2 a5 19. Bf4 f6 20. h4 Nd6 21. f3 Bf7 22.
Bh3 e6 23. Bg2 e5 24. Be3 Be6 25. Bf2 Nf5 26. e3 Bh6 27. f4 exd4 28. exd4 Nd6
29. Rfe1 Ne4 30. Qe3 f5 31. Bg1 Bf7 32. Bf1 Bg7 33. Bb5 Qd8 34. Qd3 h6 35. Ba6
Rxc1 36. Rxc1 g5 37. hxg5 hxg5 0-1

[Event "Cambridge Int Open 2023"]
[Site "Cambridge ENG"]
[Date "2023.02.15"]
[Round "1.16"]
[White "Ismail, Mohammed Aayan"]
[Black "Donnelly, Andrew J"]
[Result "1-0"]
[WhiteElo "2211"]
[BlackElo "1522"]
[WhiteFideId "465135"]
[BlackFideId "472344"]
[EventDate "2023.02.15"]

1. c4 Nf6 2. Nc3 g6 3. g3 Bg7 4. Bg2 O-O 5. e4 d6 6. Nge2 Nc6 7. O-O e5 8. d3
Rb8 9. h3 Bd7 10. Bg5 Qc8 11. Kh2 Ne8 12. Qd2 f6 13. Be3 b6 14. Nd5 Qd8 15. f4
Ne7 16. fxe5 Nxd5 17. cxd5 dxe5 18. d4 Nd6 19. Rac1 Nf7 20. dxe5 fxe5 21. Rc2
Rc8 22. Nc1 Bb5 23. Rf2 c6 24. Qb4 Qd7 25. a4 Ba6 26. a5 c5 27. Qa3 Bb7 28. a6
Ba8 29. h4 Rc7 30. Bh3 Qb5 31. Be6 Kh8 32. Bd2 Nd6 33. Rxf8+ Bxf8 34. Qf3 Qe8
35. Bc3 Bg7 36. Nd3 Re7 37. Bxe5 Bxe5 38. Nxe5 Nxe4 39. Re2 Rxe6 40. dxe6 Qxe6
41. Qf8+ Qg8 42. Nf7# 1-0

[Event "Cambridge Int Open 2023"]
[Site "Cambridge ENG"]
[Date "2023.02.15"]
[Round "1.17"]
[White "Bryant, Harry"]
[Black "Golubovic, Boris"]
[Result "0-1"]
[BlackTitle "IM"]
[WhiteElo "1686"]
[BlackElo "2349"]
[WhiteFideId "489158"]
[BlackFideId "14502160"]
[EventDate "2023.02.15"]

1. d4 Nf6 2. c4 e6 3. Nf3 Bb4+ 4. Nc3 c5 5. e3 cxd4 6. exd4 d5 7. Bf4 O-O 8. Qb3
Nc6 9. a3 dxc4 10. Qxc4 Nd5 11. Be3 Qa5 12. Bd2 Bd7 13. Rc1 Bxc3 14. Bxc3 Qb6
15. b4 Rac8 16. Qd3 Nxc3 17. Rxc3 a5 18. b5 Ne7 19. Ne5 Qd6 20. Nc4 Qc7 21. a4
Nd5 22. Rc1 Nb6 23. Be2 Nxa4 24. Qb3 Nb6 25. O-O Nxc4 26. Rxc4 Qd6 27. Rfc1 b6
28. Qc3 g6 29. g3 Rxc4 30. Bxc4 Rc8 31. Qe3 Qb4 32. Qf4 Rxc4 33. Qb8+ Bc8 34.
Rxc4 Qxc4 35. Qxb6 a4 36. Qd8+ Kg7 37. b6 Bb7 38. Qg5 Qd5 0-1

[Event "Cambridge Int Open 2023"]
[Site "Cambridge ENG"]
[Date "2023.02.15"]
[Round "1.18"]
[White "Hunt, Harriet V"]
[Black "Swanson, George"]
[Result "1-0"]
[WhiteTitle "IM"]
[WhiteElo "2349"]
[BlackElo "1792"]
[WhiteFideId "403512"]
[BlackFideId "343413889"]
[EventDate "2023.02.15"]

1. e4 c6 2. d4 d5 3. e5 Bf5 4. Nf3 e6 5. Be2 Nd7 6. O-O Ne7 7. b3 Bg6 8. c4 Nf5
9. Bb2 h5 10. h3 Be7 11. Na3 Rc8 12. Qd2 a6 13. Nc2 Nf8 14. c5 Nh7 15. Bc1 Kd7
16. a4 f6 17. Qb4 Rb8 18. Bf4 Ng5 19. exf6 gxf6 20. Bxg5 1-0

[Event "Cambridge Int Open 2023"]
[Site "Cambridge ENG"]
[Date "2023.02.15"]
[Round "1.19"]
[White "Berkley, Stephen W"]
[Black "Bazakutsa, Svyatoslav"]
[Result "0-1"]
[BlackTitle "FM"]
[WhiteElo "1615"]
[BlackElo "2330"]
[WhiteFideId "486850"]
[BlackFideId "14198525"]
[EventDate "2023.02.15"]

1. d4 Nf6 2. c4 g6 3. Nc3 Bg7 4. e4 d6 5. Nge2 O-O 6. Ng3 h5 7. Be2 a5 8. f3 a4
9. O-O c5 10. d5 a3 11. Nh1 h4 12. Nf2 Nh5 13. Qc2 e6 14. bxa3 exd5 15. cxd5 Be5
16. Re1 Qf6 17. Bd2 Nf4 18. Bf1 Nh5 19. Rac1 Rxa3 20. Nb5 Ra6 21. Nd3 Nd7 22.
Bc3 h3 23. Nxe5 Nxe5 24. Bxe5 dxe5 25. Qf2 hxg2 26. Bxg2 Nf4 27. Rc3 Bd7 28. Rb1
Rfa8 29. a3 Bxb5 30. Rxb5 Rxa3 31. Rxa3 Rxa3 32. Rxc5 Ra1+ 0-1

[Event "Cambridge Int Open 2023"]
[Site "Cambridge ENG"]
[Date "2023.02.15"]
[Round "1.20"]
[White "Wall, Tim P"]
[Black "Golsta, Ramona"]
[Result "1-0"]
[WhiteTitle "FM"]
[WhiteElo "2239"]
[BlackElo "1777"]
[WhiteFideId "401641"]
[BlackFideId "11607394"]
[EventDate "2023.02.15"]

1. c4 Nf6 2. g3 e6 3. Bg2 d5 4. Nf3 c6 5. b3 Bd6 6. Bb2 O-O 7. O-O Nbd7 8. d4
Ne4 9. Nbd2 f5 10. Qc2 Qf6 11. Rad1 Kh8 12. e3 Rg8 13. Ne1 Qh6 14. Nd3 Ndf6 15.
Nxe4 Nxe4 16. Qc1 Bd7 17. Ba3 Bxa3 18. Qxa3 Be8 19. Ne5 Bh5 20. b4 Rgf8 21. f3
Nd6 22. Rc1 Nf7 23. Nxf7+ Rxf7 24. b5 Re8 25. Rfe1 dxc4 26. bxc6 bxc6 27. f4 Rb8
28. Rxc4 Rfb7 29. Rxc6 g5 30. Qc3 Rb2 31. fxg5 Qxg5 32. Rc8+ Rxc8 33. Qxb2 Qf6
34. Rc1 Rxc1+ 35. Qxc1 e5 36. Qc8+ Kg7 37. Qc7+ Kg6 38. dxe5 Qb6 39. Qxb6+ axb6
40. Bd5 1-0

[Event "Cambridge Int Open 2023"]
[Site "Cambridge ENG"]
[Date "2023.02.15"]
[Round "1.22"]
[White "Saunders, Aron"]
[Black "Gonzales, Ceferino"]
[Result "1-0"]
[WhiteElo "2109"]
[BlackElo "1509"]
[WhiteFideId "469343"]
[BlackFideId "5219590"]
[EventDate "2023.02.15"]

1. e4 Nf6 2. e5 Nd5 3. d4 d6 4. c4 Nb6 5. f4 Bf5 6. Nc3 dxe5 7. fxe5 e6 8. Nf3
Be7 9. Be2 Bh4+ 10. g3 Be7 11. Be3 c6 12. O-O Bh3 13. Rf2 h5 14. Ne4 Bg4 15.
Nfg5 Bxe2 16. Qxe2 Bxg5 17. Bxg5 1-0

[Event "Cambridge Int Open 2023"]
[Site "Cambridge ENG"]
[Date "2023.02.15"]
[Round "1.23"]
[White "Turner, David J"]
[Black "Anand, Batsukh"]
[Result "0-1"]
[BlackTitle "FM"]
[WhiteElo "1762"]
[BlackElo "2197"]
[WhiteFideId "419737"]
[BlackFideId "4903510"]
[EventDate "2023.02.15"]

1. e4 c5 2. Nf3 e6 3. d3 Nc6 4. Nbd2 d6 5. Be2 Nf6 6. h3 Be7 7. c3 O-O 8. g4 d5
9. Qc2 dxe4 10. dxe4 Qc7 11. Nf1 Rd8 12. Ng3 Bd6 13. Rg1 Ne5 14. Bg5 Nxf3+ 15.
Bxf3 Bf4 16. Bxf4 Qxf4 17. Rd1 Bd7 18. Qe2 Bc6 19. Rxd8+ Rxd8 20. Qe3 Qxe3+ 21.
fxe3 Nd7 22. Kf2 Ne5 23. Be2 Rd2 24. Rb1 Nd3+ 25. Kf3 Nxb2 26. Kf4 f6 27. e5 g5# 0-1

[Event "Cambridge Int Open 2023"]
[Site "Cambridge ENG"]
[Date "2023.02.15"]
[Round "1.24"]
[White "Bonn, Thomas"]
[Black "Catabay, Mae Katelyn Rose"]
[Result "1-0"]
[WhiteElo "2189"]
[BlackElo "1525"]
[WhiteFideId "638242"]
[BlackFideId "484768"]
[EventDate "2023.02.15"]

1. d4 Nf6 2. Nf3 d5 3. c4 e6 4. g3 Be7 5. Bg2 O-O 6. O-O c6 7. Nbd2 Nbd7 8. Qc2
Bd6 9. e4 dxe4 10. Nxe4 Nxe4 11. Qxe4 Nf6 12. Qe2 Re8 13. Rd1 Bd7 14. Ne5 Qc7
15. Bf4 Qc8 16. Rac1 Bc7 17. Rc3 Ba5 18. Rcd3 Bd8 19. g4 h6 20. g5 hxg5 21. Bxg5
Nh7 22. Bxd8 Qxd8 23. Qh5 Qe7 24. Rh3 1-0

[Event "Cambridge Int Open 2023"]
[Site "Cambridge ENG"]
[Date "2023.02.15"]
[Round "1.26"]
[White "Bradbury, Neil H"]
[Black "Warner, Nicholas"]
[Result "1-0"]
[WhiteTitle "IM"]
[WhiteElo "2200"]
[BlackElo "1735"]
[WhiteFideId "400513"]
[BlackFideId "343414400"]
[EventDate "2023.02.15"]

1. d4 d5 2. c4 e6 3. Nf3 Nf6 4. g3 Be7 5. Bg2 O-O 6. O-O Nbd7 7. Qc2 c5 8. cxd5
exd5 9. Nc3 c4 10. Ne5 Nb6 11. a4 Be6 12. a5 Nc8 13. a6 Qb6 14. axb7 Qxb7 15.
Nxc4 Nd6 16. Nxd6 Bxd6 17. Bg5 Be7 18. Bxf6 Bxf6 19. e3 Rfc8 20. Ra2 a5 21. Rfa1
Bd8 22. Qe2 Rab8 23. h4 f5 24. Bf3 Qb3 25. Qa6 Kf7 26. Qf1 Rxc3 27. bxc3 Qxc3
28. Rc1 Qb3 29. Raa1 Qb6 30. Rab1 Qd6 31. Rxb8 Qxb8 32. Rb1 Qd6 33. Rb7+ Kf6 34.
h5 Bd7 35. Qb1 Bc7 36. Ra7 Bc6 37. Ra6 1-0

[Event "Cambridge Int Open 2023"]
[Site "Cambridge ENG"]
[Date "2023.02.15"]
[Round "1.27"]
[White "Hariharan, Shambavi"]
[Black "Southcott-Moyers, Indy"]
[Result "0-1"]
[WhiteElo "1491"]
[BlackElo "2077"]
[WhiteFideId "488160"]
[BlackFideId "488542"]
[EventDate "2023.02.15"]

1. d4 d5 2. c4 c6 3. g3 Nf6 4. Bg2 Bf5 5. Nf3 e6 6. O-O Nbd7 7. Qb3 Qb6 8. c5
Qxb3 9. axb3 Be7 10. Nc3 O-O 11. b4 Ne4 12. Bf4 h6 13. Nd2 Nxd2 14. Bxd2 a6 15.
h4 Bf6 16. Be3 e5 17. Rfd1 Rfe8 18. Kh2 Nf8 19. f4 exf4 20. Bxf4 Ne6 21. e3 Bg4
22. Rd2 Rad8 23. Bh3 Bxh3 24. Kxh3 Nxf4+ 25. exf4 Re3 26. Kg2 Rde8 27. Rf1 Kh7
28. Rf3 Kg6 29. Rxe3 Rxe3 30. Kf2 Re6 31. Kf3 h5 32. Rd1 Kf5 33. Rd2 Re1 34. Kf2
Rh1 35. Kg2 Ra1 36. Kf3 a5 37. b5 a4 38. bxc6 bxc6 39. Ne2 a3 40. bxa3 Rxa3+ 41.
Kg2 Ke4 42. Kf2 Rd3 43. Ra2 Bxd4+ 44. Nxd4 Kxd4 45. Ra5 Rb3 46. Ra7 Kxc5 47.
Rxf7 Kd4 48. Rxg7 c5 49. Rc7 c4 50. f5 Ke4 51. f6 Rf3+ 52. Ke2 Rxf6 53. Kd2 Rf2+
54. Kc3 d4+ 55. Kb4 Rb2+ 56. Kc5 Rd2 57. Re7+ Kd3 58. Rd7 Kc3 59. Ra7 Rc2 60.
Ra3+ Kb2 61. Ra4 d3 62. Ra8 d2 63. Rd8 Kc1 64. Kb4 d1=Q 0-1